Jeux olympiques Chamonix 1924 - Nations participantes - Statistiques

Statistiques générales
  • Ce quiz a été pris 40 fois
  • Le résultat moyen est 13 sur 16
Statistiques - réponses
Pays % Correct
Europe France
100%
Europe Italie
100%
Amérique Canada
97%
Amérique Etats-Unis
97%
Europe Norvège
97%
Europe Suède
97%
Europe Finlande
95%
Europe Royaume-Uni
86%
Europe Suisse
86%
Europe Belgique
84%
Europe Autriche
81%
Europe Pologne
73%
Europe Hongrie
62%
Europe Yougoslavie
62%
Europe Tchécoslovaquie
51%
Europe Lettonie
30%
Aucun quiz correspondant
Distribution des résultats
% des personnes avec chaque résultat
Percentile par nombre de réponses
Votre historique - résultats
Vous n’avez pas pris ce quiz